| 000 | 00569nam a2200181Ia 4500 | ||
|---|---|---|---|
| 003 | IN-BaIIA | ||
| 008 | 211028s9999 xx 000 0 eng d | ||
| 020 | _a81-261-2885-2 | ||
| 040 | _cIIA Library | ||
| 080 |
_a(031)52 _bBHA |
||
| 100 |
_aBhardwaj, Anand _930345 |
||
| 245 | 0 |
_aEncyclopaedia of astronomy and space science _cAnand Bhardwaj |
|
| 260 |
_aNew Delhi _bAnmol Publications _c2006 |
||
| 300 | _a322p. | ||
| 650 |
_aAstronomy - Encyclopedia _97099 |
||
| 650 |
_aSpace Science- Encyclopedia _930346 |
||
| 942 | _cBK | ||
| 999 |
_c16375 _d16375 |
||